00463nam a2200169Ia 4500003000400000005001700004008004100021020001800062040000700080041000800087082002000095100002700115245008100142260004100223300001600264365001300280OSt20230413113737.0210423s2010 xx 000 0 und d a9788132104490 cAL aeng a302.230954 THOP aTHOMAS (Pradip Ninan). aPolitical economy of communications in India: the good the bad and the ugly. aLos AngelesbSage Publicationsc2010 axix,267bHB b650cINR